Statistics for Greek Gods and Goddesses of the Sky, Weather and Light (Hard)

Click here to take the quiz!

General Stats

  • This quiz has been taken 36 times
  • The average score is 10 of 17

Answer Stats

HintAnswer% Correct
Queen of the Gods, Goddess of MarriageHera
100%
King of the Gods, God of the SkyZeus
100%
God of LightApollo
91%
Titan of the SunHelios
91%
Goddess of the RainbowIris
88%
Primordial God of the SkyOuranos
74%
Goddess of DawnEos
62%
God of the North WindBorea
59%
Goddess of the DayHemera
47%
God of the West WindZephyros
47%
Goddess of SnowKhione
41%
God of the WindsAeolus
38%
Titan of LightHyperion
38%
God of the South WindNotus
32%
God the East WindEurus
26%
The Goddesses of the SeasonsThe Horae
26%
Titan of Clear SightTheia
21%

Score Distribution

Percentile by Number Answered

Percent of People with Each Score

Your Score History

You have not taken this quiz